Cuadernos de Rusia
Na minha lista:
| Autor principal: | |
|---|---|
| Formato: | Livro |
| Idioma: | espanhol |
| Publicado em: |
Madrid
Castalia
1981
|
| coleção: | Clásicos Castalia
|
| Assuntos: | |
| Tags: |
Adicionar Tag
Sem tags, seja o primeiro a adicionar uma tag!
|
MARC
| LEADER | 00000nam a2200000 a 4500 | ||
|---|---|---|---|
| 001 | UCQ5255 | ||
| 003 | CL-VaPUC | ||
| 008 | 980925e19810000SP |||||||||||||||||spa|d | ||
| 082 | 0 | 4 | |a 861 |b RID |2 21 |
| 100 | 0 | |a Ridruejo, Dionisio |e author |9 419406 | |
| 245 | 1 | 0 | |a Cuadernos de Rusia |
| 246 | 1 | 0 | |a En la soledad del tiempo |
| 246 | 1 | 0 | |a Cancionero en ronda |
| 246 | 1 | 0 | |a Elegías |
| 300 | |a 317 p | ||
| 942 | |c BK | ||
| 945 | |d 19980925 00:00:00 |a crobeson | ||
| 260 | |a Madrid |b Castalia |c 1981 | ||
| 650 | 0 | |a Poesías españolas |9 265100 | |
| 650 | 0 | |a Literatura española |9 306261 | |
| 583 | |a last modification |c 19980925 00:00:00 |k Rodrigo Vera | ||
| 490 | 0 | |a Clásicos Castalia | |
| 999 | |c 275470 |d 275468 | ||
| 952 | |0 0 |1 0 |4 0 |6 861_000000000000000_RID_1981 |7 0 |8 A |9 312219 |a BIBEDU |b BIBEDU |d 2019-11-20 |i 1469630 |o 861 RID 1981 |p 1469630 |r 2019-11-20 |w 2019-11-20 |y BK |k LIT | ||